Jaką Typowo Męską dyscyplinę sportu uważasz? - Statystyki

Ogólne statystyki
  • Ten quiz został rozwiązany 74 razy
  • Średni wynik to 2 z 6
Statystyki odpowiedzi
Odpowiedź % Poprawnych
Piłka nożna
97%
Hokej
43%
Skoki Narciarskie
40%
Futbol Amerykański
22%
Żużel
22%
Zapasy
16%
Nie znaleziono quizów pasujących do podanych kryteriów
Rozkład punktacji
Procent ludzi z każdym wynikiem
Percentyl według liczby udzielonych odpowiedzi
Twoja historia wyników
Nie rozwiązałeś tego quizu